Chloe or Sam or Sophia or Marcus - Taylor Swift (All Lyrics) - Statistics

General Stats
  • This quiz has been taken 18 times
  • The average score is 300 of 320
Answer Stats
Lyrics % Correct
an
100%
And
100%
and
100%
apart
100%
apartment
100%
break
100%
changed
100%
Changed
100%
Chloe
100%
cold
100%
darkness
100%
fools
100%
goddesses,
100%
hair
100%
Hands
100%
happen
100%
he
100%
heart
100%
hologram
100%
I
100%
If
100%
if
100%
in
100%
into
100%
it
100%
It
100%
just
100%
Just
100%
loved
100%
Marcus
100%
my
100%
named
100%
of
100%
or
100%
Sam
100%
say
100%
Say
100%
so
100%
So
100%
some
100%
somebody
100%
Sophia
100%
stumbled
100%
the
100%
to
100%
want
100%
watch
100%
watched
100%
we
100%
were
100%
what
100%
Who
100%
with
100%
you
100%
You
100%
always
93%
be
93%
Could
93%
for
93%
like
93%
Like
93%
me
93%
needed
93%
out
93%
outfits
93%
rules
93%
tear
93%
that
93%
turned
93%
villains
93%
way
93%
Will
93%
wonder
93%
wonder?
93%
world
93%
would
93%
you'll
93%
Your
93%
your
93%
you've
93%
All
87%
bones
87%
bullied
87%
but
87%
Can
87%
can't
87%
drugs
87%
happened
87%
have
87%
idea
87%
internet
87%
more
87%
never
87%
new
87%
play
87%
said
87%
saw
87%
school
87%
seemed
87%
sell
87%
sorts
87%
starlet
87%
things
87%
unabsorb
87%
wondered
87%
would've
87%
As
80%
Cause
80%
couldn't
80%
decade
80%
didn't
80%
do
80%
enough
80%
eye
80%
fade
80%
float
80%
from
80%
horses
80%
kids
80%
lovers
80%
make
80%
maroon
80%
memory
80%
our
80%
outrun
80%
scarlet
80%
theory
80%
this
80%
too
80%
us
80%
watching
80%
wild
80%
back
73%
Cooler
73%
crashed
73%
force
73%
glint
73%
know
73%
many
73%
moment
73%
not
73%
orbit
73%
phantoms
73%
time
73%
wrecks
73%
by
67%
desertion
67%
impaired
67%
passage
67%
plans
67%
traced
67%
youth
67%
depths
53%
Down
53%
sigh
53%
No matching quizzes found
Score Distribution
Percent of People with Each Score
Percentile by Number Answered
Your Score History
You have not taken this quiz